Statistics for Formula 1 drivers

Click here to take the quiz!

General Stats

  • This quiz has been taken 134 times
  • The average score is 12 of 15

Answer Stats

Answer% Correct
Has been driving for Mclaren since 2019Lando Norris
99%
Won 4 world titles between 2010-2013Sebastian Vettel
99%
Currently drives for Alpine and has 2 world titlesFernando Alonso
98%
Drove for Torro Rosso, Renault, Mclaren, and now FerrariCarlos Sainz Jr
95%
Current driver for the previous team called Torro RossoPierre Gasly
95%
A Thai-British driverAlex Albon
93%
Won his first race in the Hungarian Grand Prix 2021Esteban Ocon
90%
Won 4 titles, 3 with Mclaren, 1 with WilliamsAlain Prost
84%
The biggest joker on the 2021 gridDaniel Ricciardo
83%
His child also went into Formula 1Jos Verstappen
80%
Australian who created his own teamJack Brabham
79%
New Zealand race car driver, designer, engineer and inventorBruce Mclaren
64%
Set the fastest lap at the Spa Grand Prix 2021Nikita Mazepin
58%
Competed from 2002-2013Mark Webber
56%
Won 24 out of the 51 races he startedJuan Manuel Fangio
46%

Score Distribution

Percentile by Number Answered

Percent of People with Each Score

Your Score History

You have not taken this quiz